Test culture générale- 19 - Statistiques

Statistiques générales
  • Ce quiz a été pris 2 809 fois
    2 638 depuis la dernière actualisation
  • Le résultat moyen est 6 sur 10
Statistiques - réponses
Questions Réponses % Correct
Quelle est le nom de la capitale chinoise? Pékin
93%
Comment nomme-t-on les dirigeants de l’Égypte antique? Les pharaons
90%
Quelle entreprise suscite l’ire des taxis en proposant des services de voitures avec chauffeur à la demande ? Uber
86%
Quelle profession est concernée par le serment d’Hippocrate? Médecin
85%
En France le chocolat a été interdit par l’Église dans les couvents car c'est « un excitant sexuel » qui aurait « une vertu à inspirer le péché ». Quelle est le siècle de cette interdiction? XVIIème siècle
71%
« Comme d’habitude » est une des chansons les plus célèbres du XXe siècle. Qui est le plus célèbre de ses interprètes ? Claude François
61%
« Le Bon, la Brute et le Truand » est un film de...? Sergio Leone
32%
Dans quelle pièce peut-on entendre des vers comme « la valeur n‘attend pas le nombre des années » ou « à vaincre sans péril on triomphe sans gloire » ? Le Cid
27%
Quel premier ministre déclare en 1989 : « La France ne peut pas accueillir toute la misère du monde » ? Michel Rocard
14%
À quelle famille appartiennent les pingouins ? Aux Alcidés
4%
Aucun quiz correspondant
Distribution des résultats
% des personnes avec chaque résultat
Percentile par nombre de réponses
Votre historique - résultats
Vous n’avez pas pris ce quiz depuis la dernière actualisation